000 01269nam0a22003611 4500
001 RU\NLR\INFOCOMM_161\5000034147
005 20260306133630.0
035 _a(NLR Aleph) 009089048
090 _a8030150
_c8030150
100 _a20081219d1977 k y0rusy50 ca
101 1 _aeng
_crus
102 _aRU
105 _aa z|||000yy
181 0 _ai3
_baxxe
182 0 _an
200 1 _aAesthetics and poetics
_e[translated from the Russian]
_fYuri Barabash
203 _aТекст
_bвизуальный
_cнепосредственный
210 _aМoscow
_cProgress
_d[1977]
215 _a291, [5] с., 1 л. ил.
_cил.
_d21 см
300 _aНа обороте тит. л.: Вопросы эстетики и поэтики / Юрий Барабаш
517 1 _aВопросы эстетики и поэтики
606 _aЛитература
_2nlr_sh1
606 _aЛитературоведение
_xМетодология
_2nlr_sh1
686 _aШ40, 0
_2rubbk
686 _aШ4В
_2rubbk
700 1 _6z01790
_aBarabaš
_bJ. J.
_gJurij Jakovlevič
_4070
790 1 _6z01700
_aBarabash
_bY.
_gYuri
_4070
801 0 _aRU
_bNLR
_gPSBO
801 1 _aRU
_bNLR
_c20081219
852 _aNLR
_jЛ11 Д-3/149
942 _cUNSPEC
980 _aNB